All Asian Borders - Statistics

General Stats
  • This quiz has been taken 1,093 times
  • The average score is 69 of 91
Answer Stats
ANSWER % Correct
Afghanistan-Pakistan (2,430)
95%
Bangladesh-India (4,053)
91%
China-Mongolia (4,677)
90%
Afghanistan-Iran (936)
89%
Armenia-Georgia (164)
89%
Armenia-Azerbaijan (787)
88%
Bhutan-India (605)
88%
China-North Korea (1,416)
88%
China-Russia (3,645)
88%
China-Nepal (1,236)
87%
Bhutan-China (470)
85%
Cambodia-Vietnam (1,228)
85%
China-India (3,380)
85%
China-Vietnam (1,281)
85%
India-Nepal (1,690)
85%
Cambodia-Laos (541)
84%
East Timor-Indonesia (228)
84%
India-Pakistan (2,912)
84%
Iran-Iraq (1,458)
84%
Armenia-Turkey (268)
83%
Brunei-Malaysia (381)
83%
Cambodia-Thailand (803)
83%
Burma-Thailand (1,800)
82%
Indonesia-Malaysia (1,782)
82%
Israel-Lebanon (79)
82%
Azerbaijan-Georgia (322)
81%
Bangladesh-Burma (193)
81%
Israel-Jordan (335)
81%
Kazakhstan-Russia (6,846)
81%
Afghanistan-China (76)
80%
Afghanistan-Turkmenistan (744)
80%
Azerbaijan-Russia (284)
80%
China-Laos (423)
80%
Oman-Saudi Arabia (676)
80%
Afghanistan-Tajikistan (1,206)
79%
China-Kazakhstan (1,533)
79%
China-Kyrgyzstan (858)
79%
North Korea-South Korea (238)
79%
Oman-Yemen (288)
79%
Burma-China (2,185)
78%
Iran-Turkey (499)
78%
Iran-Turkmenistan (992)
78%
Iraq-Kuwait (240)
78%
Iraq-Turkey (352)
78%
Qatar-Saudi Arabia (60)
78%
Burma-India (1,463)
77%
Iraq-Syria (605)
77%
Kuwait-Saudi Arabia (222)
77%
Mongolia-Russia (3,485)
77%
Kazakhstan-Kyrgyzstan (1,051)
76%
Saudi Arabia-Yemen (1,458)
76%
Georgia-Russia (723)
75%
Kazakhstan-Uzbekistan (2,203)
75%
Israel-Syria (76)
74%
Laos-Vietnam (2,130)
74%
Afghanistan-Uzbekistan (137)
73%
Armenia-Iran (35)
73%
China-Tajikistan (414)
73%
Oman-United Arab Emirates (410)
73%
Saudi Arabia-United Arab Emirates (457)
73%
Burma-Laos (235)
72%
China-Pakistan (523)
72%
Bahrain - no borders
71%
Cyprus - no borders
71%
Iraq-Jordan (181)
71%
Iraq-Saudi Arabia (814)
71%
Jordan-Saudi Arabia (744)
71%
Laos-Thailand (1,754)
71%
Lebanon-Syria (375)
71%
North Korea-Russia (19)
71%
Japan - no borders
70%
Kazakhstan-Turkmenistan (379)
70%
Azerbaijan-Iran (432)
69%
Azerbaijan-Turkey (9)
69%
India-Sri Lanka (0)
69%
Kyrgyzstan-Tajikistan (870)
69%
Iran-Pakistan (909)
68%
Maldives - no borders
68%
Egypt-Israel (277)
67%
Jordan-Syria (375)
67%
Georgia-Turkey (252)
66%
Kyrgyzstan-Uzbekistan (1,099)
65%
Malaysia-Thailand (506)
64%
Philippines - no borders
63%
Syria-Turkey (822)
62%
Singapore - no borders
60%
Taiwan - no borders
60%
Indonesia-Papua New Guinea (820)
55%
Qatar-United Arab Emirates (19)
52%
Tajikistan-Uzbekistan (1,161)
52%
Turkmenistan-Uzbekistan (1,621)
52%
No matching quizzes found
Score Distribution
Percent of People with Each Score
Percentile by Number Answered
Your Score History
You have not taken this quiz